000 00337nam a2200145Ia 4500
005 20260328101519.0
008 260328s9999||||xx |||||||||||||| ||und||
100 _aDarkov, A.
245 0 _aStructural mechanics /
_cA. Darkov
250 _a2a ed.
260 _bMIR Publishers
300 _a703 p.
650 _aESTRUCTURAS
942 _cBK
999 _c9492
_d9492